Diccionario biográfico de Costa Rica

Guardat en:
Dades bibliogràfiques
Format: Llibre
Idioma:espanyol
Publicat: San José Universidad Autónoma de Centro América 1993
Matèries:
Etiquetes: Afegir etiqueta
Sense etiquetes, Sigues el primer a etiquetar aquest registre!

MARC

LEADER 00000nam a2200000 a 4500
001 UCY5568
003 CL-VaPUC
008 950511e19930000CR |||||||||||||||||spa|d
082 0 4 |a 920.03  |b DIC  |2 21 
245 1 0 |a Diccionario biográfico de Costa Rica 
300 |a 259 p 
942 |c BK 
945 |d 19950511 00:00:00  |a rbrito 
260 |a San José  |b Universidad Autónoma de Centro América  |c 1993 
650 0 |a Diccionarios  |9 256200 
650 0 |a Glosarios  |9 261047 
650 0 |a Biografías  |9 255210 
651 0 |a Costa Rica   |9 225304 
583 |a last modification  |c 19950511 00:00:00  |k Rodrigo Vera 
999 |c 233209  |d 233207 
952 |0 0  |1 0  |4 0  |6 920_030000000000000_DIC_1993  |7 0  |8 X  |9 238536  |a BIBEDU  |b BIBEDU  |d 2019-11-18  |i 3084612  |o 920.03 DIC 1993  |p 3084612  |r 2023-01-13  |w 2019-11-18  |y BK_X  |k LIT